000 00292nam a2200133Ia 4500
100 _aTheraja/B.L./ SEDHA
942 _cBK
366 _f10
245 _aELECTRONICS DEVICES & CIRCUITS
260 _bS.Chand & Co.
_aNew Delhi
082 _a621.3/MEH/MEH
300 _a592
546 _aENGLISH
999 _c17927
_d17927